000 00757nam a2200265Ia 4500
003 OSt
005 20221002050748.0
006 a|||||r|||| 00| 0
007 ta
008 220930b |||||||| |||| 00| 0 eng d
024 _a20721
037 _cReference Collections
040 _aCRL
_cCRL
_beng
041 _2eng
_aeng
082 _aV1:19.N9k, M6.1-.2(RR)
100 _aGupta M G
245 0 _aEncyclopedia of contemporary international affairs
260 _aAgra
_bY K
_c1986
300 _a304p, 454p
_ccm.
650 _a ENCYCLOPEDIAS AND DICTIONARIES
_977
650 _a HISTORY
650 _aINTERNATIONAL RELATIONS
942 _hV1:19.N9k, M6.1-.2(RR)
_cref
_2CC
999 _c915352
_d915352